... Mineral production of Oklahoma, 1885-1940, (Record no. 27806)

MARC details
000 -LEADER
fixed length control field 00779cam a22002411 4500
001 - CONTROL NUMBER
control field gs 42000201
003 - CONTROL NUMBER IDENTIFIER
control field DLC
005 - DATE AND TIME OF LATEST TRANSACTION
control field 20260227111347.0
008 - FIXED-LENGTH DATA ELEMENTS--GENERAL INFORMATION
fixed length control field 780823s1942 xx 000 0 eng
010 ## - LIBRARY OF CONGRESS CONTROL NUMBER
LC control number gs 42000201
035 ## - SYSTEM CONTROL NUMBER
System control number (OCoLC)4160781
040 ## - CATALOGING SOURCE
Original cataloging agency DLC
Transcribing agency TxEU
Modifying agency DLC
042 ## - AUTHENTICATION CODE
Authentication code premarc
050 00 - LIBRARY OF CONGRESS CALL NUMBER
Classification number TN24.O5
Item number A35 no. 13
082 ## - DEWEY DECIMAL CLASSIFICATION NUMBER
Classification number (553.09766) 338.209766
100 1# - MAIN ENTRY--PERSONAL NAME
Personal name Beach, John Osa,
Dates associated with a name 1895-
245 10 - TITLE STATEMENT
Title ... Mineral production of Oklahoma, 1885-1940,
Statement of responsibility, etc. compiler by J. O. Beach.
260 ## - PUBLICATION, DISTRIBUTION, ETC.
Place of publication, distribution, etc. Norman,
Date of publication, distribution, etc. 1942.
300 ## - PHYSICAL DESCRIPTION
Extent 1, p., l., 34 p.
Other physical details illus., tables., diagrs., maps.
Dimensions 23 cm.
440 #0 - SERIES STATEMENT/ADDED ENTRY--TITLE
Title Oklahoma. Geological Survey. Mineral report,
Volume/sequential designation no. 13
500 ## - GENERAL NOTE
General note Reproduced from type-written copy.
650 #0 - SUBJECT ADDED ENTRY--TOPICAL TERM
Topical term or geographic name entry element Mines and mineral resources
Geographic subdivision Oklahoma.

No items available.

Powered by Koha